| 000 | 00608nam a22001817a 4500 | ||
|---|---|---|---|
| 003 | OSt | ||
| 005 | 20250620065513.0 | ||
| 008 | 250620b |||||||| |||| 00| 0 eng d | ||
| 020 | _a 978-971-9654-99-5 | ||
| 040 |
_aDWCL - Main lib _cOC |
||
| 082 | _aFil. 658.8 B212s 2018 | ||
| 100 | _aBanaag, Francis B. | ||
| 245 |
_aStrategic marketing manageme/ _cFrancis B. Banaag |
||
| 260 |
_aManila , Philippines : _bUnlimited books library service & publishing inc. , _cc2018. |
||
| 300 |
_aviii , 159 pages : _b illustrations ; _c23cm. |
||
| 650 | _a1. Marketing-- Management | ||
| 942 |
_2ddc _cBK - FIL _kFil. _n0 |
||
| 999 |
_c3204 _d3204 |
||